Environmental Studies / (Record no. 41363)

MARC details
000 -LEADER
fixed length control field 00731nam a22002057a 4500
005 - DATE AND TIME OF LATEST TRANSACTION
control field 20100812140944.0
010 ## - LCCN (DPL NO)
LC control number ENG-99928
020 ## - INTERNATIONAL STANDARD BOOK NUMBER
International Standard Book Number 9789380017471
Terms of availability 80.00
035 ## - SYSTEM CONTROL NUMBER
System control number EN-83460
037 ## - SOURCE OF ACQUISITION
Source of stock number/acquisition DBAD/PUB
082 ## - DEWEY DECIMAL CLASSIFICATION NUMBER
Classification number 363.7
100 ## - MAIN ENTRY--PERSONAL NAME
Personal name Christina, B
245 ## - TITLE STATEMENT
Title Environmental Studies /
Statement of responsibility, etc by B Christina
260 ## - PUBLICATION, DISTRIBUTION, ETC. (IMPRINT)
Place of publication, distribution, etc Chennai
Name of publisher, distributor, etc Today Publications
Date of publication, distribution, etc 2008
270 ## - ADDRESS
Address 192 Bells Road S R Complex Chepauk
City Chennai
Postal code 600005
300 ## - PHYSICAL DESCRIPTION
Extent 119p
Other physical details ill
Dimensions 20cm(pbk)
500 ## - GENERAL NOTE
General note same ISBN given in A reviewof indian agriculture
942 ## - ADDED ENTRY ELEMENTS (KOHA)
Source of classification or shelving scheme Dewey Decimal Classification
Item type English Books
Classification part 363.7
Call number suffix CHR
Holdings
Withdrawn status Lost status Not for loan Collection code Home library Current library Date acquired Source of acquisition Cost, normal purchase price Full call number Barcode Copy number Cost, replacement price Koha item type
    Not For Loan Non-fiction D.B.Act.Division D.B.Act.Division 12/08/2010 DBAD/PUB 80.00 363.7 CHR EN-83460 1 80.00 English Books

© Delhi Public Library
Hit Counter
free hit counter